Contemporary Asian Christian Theology (Record no. 20594)

MARC details
000 -LEADER
fixed length control field 00325nam a22001337a 4500
020 ## - INTERNATIONAL STANDARD BOOK NUMBER
ISBN 81-7214233-1
082 ## - DEWEY DECIMAL CLASSIFICATION NUMBER
Classification number 230 BAL
100 ## - MAIN ENTRY--AUTHOR NAME
Author name Balasundaram, Franklyn J.
245 ## - TITLE STATEMENT
Title Contemporary Asian Christian Theology
260 ## - PUBLICATION, DISTRIBUTION, ETC. (IMPRINT)
Place of publication Bangalore
Name of publisher UTC and ISPCK
Year of publication 2009
300 ## - PHYSICAL DESCRIPTION
Number of Pages 217
650 ## - SUBJECT ADDED ENTRY--TOPICAL TERM
Topical Term Theology-Christian
942 ## - ADDED ENTRY ELEMENTS (KOHA)
Koha item type Books
Holdings
Home library Current library Shelving location Date acquired Source of acquisition Cost, normal purchase price Full call number Accession Number Koha item type
Henry Martyn Institute Library Henry Martyn Institute Library General stacks 08/24/2017 Om Books Foundation 175.00 230 BAL 25349 Books
                   Copyright © 2026 | Henry Martyn Institute | Hyderabad | TS-500052 | INDIA | Implemented by hmi.edu.in
Hit-Count:

Powered by Koha